<?xml version="1.0" encoding="UTF-8"?>
<record
    xmlns:xsi="http://www.w3.org/2001/XMLSchema-instance"
    xsi:schemaLocation="http://www.loc.gov/MARC21/slim http://www.loc.gov/standards/marcxml/schema/MARC21slim.xsd"
    xmlns="http://www.loc.gov/MARC21/slim">

  <leader>00767naa a2200229 i 4500</leader>
  <controlfield tag="001">69593</controlfield>
  <controlfield tag="003">ES-MaBCM</controlfield>
  <controlfield tag="005">20250206072555.0</controlfield>
  <controlfield tag="008">000911s2000    esp           000 0 spa d</controlfield>
  <datafield tag="021" ind1=" " ind2=" ">
    <subfield code="a">xx</subfield>
  </datafield>
  <datafield tag="035" ind1=" " ind2=" ">
    <subfield code="a">(OCoLC)1365130321</subfield>
  </datafield>
  <datafield tag="040" ind1=" " ind2=" ">
    <subfield code="c">ES-MaBCM</subfield>
  </datafield>
  <datafield tag="041" ind1="0" ind2=" ">
    <subfield code="a">spa</subfield>
  </datafield>
  <datafield tag="043" ind1=" " ind2=" ">
    <subfield code="a">esp</subfield>
  </datafield>
  <datafield tag="100" ind1="1" ind2=" ">
    <subfield code="a">Mansilla, H.C.F.</subfield>
    <subfield code="9">28703</subfield>
  </datafield>
  <datafield tag="245" ind1="1" ind2="0">
    <subfield code="a">Algunas insuficiencias de la democracia contempor&#xE1;nea</subfield>
    <subfield code="b">: (una cr&#xED;tica de las teor&#xED;as de la transici&#xF3;n latinoamericana)</subfield>
    <subfield code="c">H. C. F. Mansilla</subfield>
  </datafield>
  <datafield tag="650" ind1=" " ind2="7">
    <subfield code="a">&#xC9;lite pol&#xED;tica</subfield>
    <subfield code="9">58512</subfield>
  </datafield>
  <datafield tag="650" ind1="2" ind2="7">
    <subfield code="a">Cambio de r&#xE9;gimen pol&#xED;tico</subfield>
    <subfield code="9">57801</subfield>
  </datafield>
  <datafield tag="651" ind1="2" ind2="4">
    <subfield code="a">Am&#xE9;rica Latina</subfield>
    <subfield code="9">115440</subfield>
  </datafield>
  <datafield tag="773" ind1="0" ind2=" ">
    <subfield code="a">En:</subfield>
    <subfield code="t">Revista de estudios pol&#xED;ticos</subfield>
    <subfield code="d">Madrid : 2000</subfield>
    <subfield code="g">n. 108, abr.-jun., p. 77-102. - Loc. S.14</subfield>
    <subfield code="w">104532</subfield>
  </datafield>
  <datafield tag="942" ind1=" " ind2=" ">
    <subfield code="c">AREV</subfield>
  </datafield>
  <datafield tag="999" ind1=" " ind2=" ">
    <subfield code="c">69593</subfield>
    <subfield code="d">69593</subfield>
  </datafield>
  <datafield tag="952" ind1=" " ind2=" ">
    <subfield code="0">0</subfield>
    <subfield code="1">0</subfield>
    <subfield code="4">0</subfield>
    <subfield code="7">0</subfield>
    <subfield code="a">BC</subfield>
    <subfield code="b">BC</subfield>
    <subfield code="d">2012-04-21</subfield>
    <subfield code="l">0</subfield>
    <subfield code="w">2012-04-21</subfield>
    <subfield code="y">AREV</subfield>
  </datafield>
</record>
